Akciový trh Ukrajiny bakalárska práca

Gespeichert in:
Bibliographische Detailangaben
1. Verfasser: Kasala, Tomáš
Körperschaft: Národohospodárska fakulta EU. Katedra bankovníctva a medzinárodných financií
Weitere Verfasser: Árendáš, Peter, 1986-
Format: Buch
Sprache:Slowakisch
Veröffentlicht: Bratislava 2018
Tags: Tag hinzufügen
Keine Tags, Fügen Sie das erste Tag hinzu!

MARC

LEADER 00000nbm a2200000 4500
001 0245886
005 20181213132258.8
041 0 |a slo 
044 |a SK 
245 1 0 |a Akciový trh Ukrajiny  |b bakalárska práca  |c Tomáš Kasala ; školiteľ: Peter Árendáš 
264 1 |a Bratislava  |c 2018 
300 |a 41 s. 
100 1 |a Kasala, Tomáš 
700 1 |a Árendáš, Peter, 1986- 
710 2 |a Národohospodárska fakulta EU. Katedra bankovníctva a medzinárodných financií